00569cam a22001812 4500001001100000005001700011008004100028020002800069040001500097050002300112100003500135245010600170250001200276260004200288300001800330650003600348852000300384000001274520151217145857.0090317s xx 000 0 eng d a0070617292 :cKES 1,950 aKABUcKABU 0aHD69b.P75C43 19951 aChandra, Prasanna.@000016123610aProjects :bplanning, analysis, selection, financing, implementation and review /cPrasanna Chandra. a6th ed. aNew Delhi :bTata McGraw-Hill,c2006. axviii, 645 p. 0aProject management.@00001482911